Welcome to CU Library Online Public Access Catalogue (OPAC)

Brownlie's principles of public international law / (Record no. 486)

MARC details
000 -LEADER
fixed length control field 00720cam a2200205 i 4500
001 - CONTROL NUMBER
control field 17391032
005 - DATE AND TIME OF LATEST TRANSACTION
control field 20241031164218.0
008 - FIXED-LENGTH DATA ELEMENTS--GENERAL INFORMATION
fixed length control field 120718s2012 enk b 001 0 eng
020 ## - INTERNATIONAL STANDARD BOOK NUMBER
International Standard Book Number 9780199654178 (hbk.)
020 ## - INTERNATIONAL STANDARD BOOK NUMBER
International Standard Book Number 9780199699698 (pbk.)
050 00 - LIBRARY OF CONGRESS CALL NUMBER
Classification number KZ3225.B76 / JX3225
Item number A37 2012 / .B78
100 1# - MAIN ENTRY--PERSONAL NAME
Personal name Crawford, James,
Dates associated with a name 1948-
245 10 - TITLE STATEMENT
Title Brownlie's principles of public international law /
Statement of responsibility, etc. by James Crawford, SC, FBA.
250 ## - EDITION STATEMENT
Edition statement Eighth edition.
260 ## - PUBLICATION, DISTRIBUTION, ETC.
Place of publication, distribution, etc. Oxford, United Kingdom :
Name of publisher, distributor, etc. Oxford University Press,
Date of publication, distribution, etc. [2012]
300 ## - PHYSICAL DESCRIPTION
Extent lxxx, 803 pages ;
Dimensions 26 cm
Other physical details Index
650 #0 - SUBJECT ADDED ENTRY--TOPICAL TERM
Topical term or geographic name entry element International law.
700 1# - ADDED ENTRY--PERSONAL NAME
Personal name Brownlie, Ian.
Title of a work Principles of public international law.
942 ## - ADDED ENTRY ELEMENTS (KOHA)
Source of classification or shelving scheme Library of Congress Classification
Koha item type Books
Edition 8th Edition
Suppress in OPAC No
999 ## -
-- 486
-- 486
Holdings
Withdrawn status Lost status Source of classification or shelving scheme Damaged status Not for loan Collection Home library Current library Shelving location Date acquired Total checkouts Full call number Barcode Date last seen Copy number Price effective from Koha item type
    Library of Congress Classification     Non-fiction Law Library (Miotso) Law Library (Miotso) Reference 10/31/2024   JX3225.B78 BRO llm00000439 10/31/2024 1 10/31/2024 Books
    Library of Congress Classification     Non-fiction Law Library (Miotso) Law Library (Miotso) General stacks 10/31/2024   JX3225.B78 BRO llm00000440 10/31/2024 2 10/31/2024 Books
© 2023-2024 Copyright: Central University Libraries. All Rights Reserved | Created by: Mahone Tech Office